00887nam a22002055i 4500001000700000003000900007005001700016008004100033080002100074100002500095245011000120260003200230300002100262490003100283500002700314500023000341500003800571830003100609852004100640176549ES-MaACL20230906220120.0110121s1949 sp a |||| | spa d a821.134.2-22"19"1 aVila-Belda, Vicente.10aSeis despistados en busca del amor b: juguete cómico en tres actos / coriginal de Vicente Vila-Belda. aMadrid : b[s. n., c1949?] a61 p. ; c17 cm.1 aBiblioteca teatral ; v131 aAnteportada ilustrada. aEstrenado en el Teatro Príncipe, de San Sebastián, el 26 de agosto de 1949, y en el Teatro de la Comedia de Madrid, la noche del 3 de febrero de 1950, por la Compañía Cómicodramática de Gregorio Martínez Sierra. aEncuadernado con otros títulos.0 aBiblioteca teatral ; v131 aES-MaACLjE-14123 (131) xOlim P-302